Practical research : Planning and design
This book is a do-it-yourself, understand-it-yourself manual for planning and conducting research. Suitable for a wide variety of courses in basic research methodology, the text guides the reader, step-by-step, from the selection of a problem, through the process of conducting authentic research, to...
Đã lưu trong:
| 主要作者: | |
|---|---|
| 格式: | 圖書 |
| 語言: | Undetermined |
| 出版: |
Harlow, Essex
Pearson Education
2015
|
| 主題: | |
| 標簽: |
添加標簽
沒有標簽, 成為第一個標記此記錄!
|
| Thư viện lưu trữ: | Trung tâm Học liệu Trường Đại học Cần Thơ |
|---|
| LEADER | 01072nam a2200253Ia 4500 | ||
|---|---|---|---|
| 001 | CTU_231168 | ||
| 008 | 210402s9999 xx 000 0 und d | ||
| 020 | |c 509000 | ||
| 082 | |a 001.42 | ||
| 082 | |b L484 | ||
| 100 | |a Leedy, Paul D. | ||
| 245 | 0 | |a Practical research : | |
| 245 | 0 | |b Planning and design | |
| 245 | 0 | |c Paul D. Leedy and Jeanne Ellis Ormrod | |
| 260 | |a Harlow, Essex | ||
| 260 | |b Pearson Education | ||
| 260 | |c 2015 | ||
| 520 | |a This book is a do-it-yourself, understand-it-yourself manual for planning and conducting research. Suitable for a wide variety of courses in basic research methodology, the text guides the reader, step-by-step, from the selection of a problem, through the process of conducting authentic research, to the preparation of a completed report, with practical suggestions throughout | ||
| 526 | |a Luận văn tốt nghiệp | ||
| 526 | |b CTK000 | ||
| 650 | |a Nghiên cứu,Research | ||
| 650 | |x Phương pháp,Methodology | ||
| 910 | |b nthai | ||
| 980 | |a Trung tâm Học liệu Trường Đại học Cần Thơ | ||